Culture Générale - Série 342 - Statistiques

Statistiques générales
  • Ce quiz a été pris 224 fois
  • Le résultat moyen est 5 sur 10
Statistiques - réponses
Question Réponse % Correct
De quelle île française le piton des Neiges est-il le point culminant ? La Réunion
86%
Quelle particule dépourvue de charge se trouve dans le noyau de l'atome ? Le neutron
70%
Au minimum, combien de jours avant le mariage doit-on publier les bans ? 10 jours
68%
Quel roi de France prénommé Louis était surnommé le Bien-Aimé ? Louis XV
65%
En sport, quel nom désigne la tranche d'âge entre benjamins et cadets ? Minimes
56%
"Et v'lan", qu'est-ce que Fernand Raynaud veut-il qu'on lui passe en 1963 ? L'éponge
45%
De quels légumes Coluche disait-il que "c'est un vrai plat de pauvre" ? Les artichauts
41%
Quel héros de théâtre a pour ami le pâtissier Ragueneau ? Cyrano de Bergerac
13%
Qui a t'on surnommé "L'espion de l'Empereur" notamment dans une série télévisée des années 70 ? Charles Louis Schulmeister
4%
Pour Woody Allen, comment est la comédie d'une nuit d'été ? Erotique
3%
Aucun quiz correspondant
Distribution des résultats
% des personnes avec chaque résultat
Percentile par nombre de réponses
Votre historique - résultats
Vous n’avez pas pris ce quiz